000 00778nam a2200241 a 4500
001 000044096
005 20240412074303.0
008 140515s2014 dr r 000 p spa d
020 _a9789945581201
040 _aDO-SdBNP
_bspa
_cBNPHU
082 _aRD861. 5
_bA485a
100 1 _aAmaro, Valentín
_912295
245 1 3 _aEl ave rasga su memoria /
_cValentín Amaro.
260 _aSan Juan, República Dominicana :
_bIsla Negra,
_c2014.
300 _a62 p. ;
_c22 cm.
490 1 _aFilo de juego
500 _aIncluye datos biográficos del autor en la solapa de la cubierta.
590 _aInventariado, 2018/VM
650 0 _aPoesía dominicana
_966
650 0 _aLiteratura dominicana.
_967
830 0 _aFilo de juego
_91014
910 _aValidado. Control de calidad. MFF
999 _c43585
_d43585